[Event "SF Stadtlohn 1 - SK Königsspringer Nord"]
[Site "Verbandsklasse 2017/2018"]
[Date "2018.02.17"]
[Round "6.4"]
[White "Kloster, Daniel"]
[Black "Holstegge, Ludger"]
[Result "1/2-1/2"]
[WhiteElo "1768"]
[BlackElo "1803"]
[PlyCount "89"]
[EventDate "2018.??.??"]
[SourceTitle "Verband Muensterland"]
[SourceDate "2017.09.30"]
[SourceVersion "1"]
[SourceVersionDate "2017.09.30"]
[SourceQuality "1"]

1. d4 d5 2. Nf3 Nf6 3. Bf4 g6 4. h3 Bg7 5. e3 O-O 6. c4 c6 7. Nc3 dxc4 8. Bxc4
Nbd7 9. O-O Nb6 10. Bb3 Bf5 11. Ne5 Nfd5 12. Qf3 Be6 13. Nxd5 Bxd5 14. Bxd5
Nxd5 15. a3 Nxf4 16. Qxf4 f6 17. Nf3 Qd7 18. Rad1 Rad8 19. Qe4 e6 20. Qc2 Qf7
21. Qc5 a6 22. e4 Rd7 23. Rd2 Rfd8 24. Rfd1 h6 25. Kf1 Kh7 26. Qc2 Kh8 27. Kg1
g5 28. e5 f5 29. Kf1 Bf8 30. Nh2 h5 31. g4 fxg4 32. hxg4 Kg7 33. Qe4 Qg6 34.
Qxg6+ Kxg6 35. gxh5+ Kxh5 36. Rd3 c5 37. Rb3 cxd4 38. Rb6 Re8 39. Nf3 g4 40.
Rxd4 Rxd4 41. Nxd4 Bc5 42. Nxe6 Bxb6 43. Ng7+ Kg6 44. Nxe8 Bd4 45. Nd6 1/2-1/2

[Event "SF Stadtlohn 1 - SK Königsspringer Nord"]
[Site "Verbandsklasse 2017/2018"]
[Date "2018.02.17"]
[Round "6.5"]
[White "Steens, Rudolf"]
[Black "Bußwolder, Peter"]
[Result "1/2-1/2"]
[WhiteElo "1784"]
[BlackElo "1758"]
[PlyCount "89"]
[EventDate "2018.??.??"]
[SourceTitle "Verband Muensterland"]
[SourceDate "2017.09.30"]
[SourceVersion "1"]
[SourceVersionDate "2017.09.30"]
[SourceQuality "1"]

1. e4 c5 2. c3 d5 3. exd5 Qxd5 4. d4 e6 5. Nf3 Nf6 6. Bd3 Nc6 7. O-O cxd4 8.
cxd4 Be7 9. Nc3 Qd8 10. Bg5 O-O 11. h3 Qb6 12. Na4 Qa5 13. a3 Rd8 14. b4 Qd5
15. Be3 b6 16. Nc3 Qd7 17. Bb5 Bb7 18. Ne5 Qc8 19. Bxc6 Bxc6 20. Rc1 Qb7 21.
Nxc6 Qxc6 22. Qe2 Qb7 23. Rfd1 Rd7 24. Bf4 Rc8 25. Be5 Rcd8 26. Rd3 Ne8 27.
Rcd1 Kf8 28. Bf4 Nf6 29. Be5 Nd5 30. Qf3 Nxc3 31. Qxb7 Rxb7 32. Rxc3 Rbd7 33.
Rcd3 Rd5 34. Bf4 Bf6 35. Be3 e5 36. Kf1 exd4 37. Bc1 Ke8 38. Bb2 R8d7 39. g3 a5
40. bxa5 Rxa5 41. Rb3 Rd6 42. Rb1 Kd7 43. Bc1 Ra6 44. Ke2 Kc6 45. Kd3 1/2-1/2

[Event "SF Stadtlohn 1 - SK Königsspringer Nord"]
[Site "Verbandsklasse 2017/2018"]
[Date "2018.02.17"]
[Round "6.6"]
[White "Wensing, Herbert"]
[Black "Hols, Bernhard"]
[Result "1-0"]
[WhiteElo "1689"]
[BlackElo "1773"]
[PlyCount "61"]
[EventDate "2018.??.??"]
[SourceTitle "Verband Muensterland"]
[SourceDate "2017.09.30"]
[SourceVersion "1"]
[SourceVersionDate "2017.09.30"]
[SourceQuality "1"]

1. e4 c5 2. Nf3 d6 3. d4 cxd4 4. Nxd4 Nc6 5. Be3 Bd7 6. Be2 Nf6 7. Nc3 a6 8. f3
e6 9. Qd2 Rc8 10. Nb3 Na5 11. O-O Be7 12. Bd3 Nc4 13. Bxc4 Rxc4 14. Qf2 b5 15.
a3 O-O 16. Bb6 Qb8 17. Na5 Rcc8 18. Rfd1 Ne8 19. Kh1 Nc7 20. Bd4 Na8 21. Qg3 f6
22. e5 d5 23. Nb3 Nb6 24. Nd2 f5 25. Be3 a5 26. Bh6 Rf7 27. Rac1 Bc5 28. Nb3
Bxa3 29. Nxd5 Bxb2 30. Nf6+ Rxf6 31. Qxg7# 1-0

[Event "SF Stadtlohn 1 - SK Königsspringer Nord"]
[Site "Verbandsklasse 2017/2018"]
[Date "2018.02.17"]
[Round "6.7"]
[White "Keller, Hansjürgen"]
[Black "Pusch, Herbert"]
[Result "1/2-1/2"]
[WhiteElo "1666"]
[BlackElo "1543"]
[PlyCount "167"]
[EventDate "2018.??.??"]
[SourceTitle "Verband Muensterland"]
[SourceDate "2017.09.30"]
[SourceVersion "1"]
[SourceVersionDate "2017.09.30"]
[SourceQuality "1"]

1. d4 g6 2. Nc3 Bg7 3. e4 e6 4. Bf4 a6 5. Nf3 Ne7 6. Qd2 d6 7. Bh6 O-O 8. Bxg7
Kxg7 9. Bd3 Nbc6 10. h4 h5 11. O-O-O b5 12. e5 Nb4 13. Be2 Bb7 14. a3 Nbd5 15.
Nxd5 Bxd5 16. Kb1 Nf5 17. Qf4 f6 18. exd6 Qxd6 19. Qxd6 Nxd6 20. Nd2 Kh6 21.
Bf3 c6 22. Bxd5 exd5 23. Rde1 Rae8 24. g3 g5 25. Kc1 gxh4 26. gxh4 Nf5 27. Nf3
Re4 28. c3 Rfe8 29. Kd2 Nd6 30. b3 a5 31. Kd3 a4 32. bxa4 bxa4 33. Rb1 Nb5 34.
Rb4 Rf4 35. Nd2 Rxf2 36. Rxa4 Rg2 37. Rf1 Re6 38. c4 Rg3+ 39. Rf3 dxc4+ 40.
Kxc4 Rg4 41. Nb3 Kg6 42. Kc5 Ree4 43. Kxc6 Nxd4+ 44. Nxd4 Rxd4 45. Ra6 Rxh4 46.
Kc5 Rdf4 47. Rb3 Rhg4 48. Rb4 Rf3 49. Raa4 Rf5+ 50. Kd6 Kg5 51. Ra8 Rf3 52.
Rb5+ f5 53. a4 Rd3+ 54. Kc6 Rc4+ 55. Kb6 Rd6+ 56. Kb7 Rd7+ 57. Kb6 Rdc7 58. Rf8
R7c6+ 59. Kb7 Rc7+ 60. Kb8 R7c5 61. Kb7 h4 62. Kb6 Rc6+ 63. Kb7 Rc7+ 64. Kb6
R4c6+ 65. Ka5 Rf6 66. Rg8+ Kh5 67. Rh8+ Kg4 68. Rg8+ Kf3 69. Rh8 Rc4 70. Rb3+
Kg4 71. Rg8+ Kh5 72. Kb5 Rg4 73. Rh8+ Kg5 74. a5 Rg3 75. Rg8+ Kf4 76. Rb4+ Ke5
77. Re8+ Kd5 78. Rxh4 Rb3+ 79. Rb4 Rxb4+ 80. Kxb4 Kc6 81. Rb8 Kc7 82. Re8 f4
83. Re1 f3 84. Rf1 1/2-1/2

[Event "SF Stadtlohn 1 - SK Königsspringer Nord"]
[Site "Verbandsklasse 2017/2018"]
[Date "2018.02.17"]
[Round "6.8"]
[White "van Harxen, Luc"]
[Black "Schmalbrock, Andreas"]
[Result "1/2-1/2"]
[WhiteElo "1469"]
[BlackElo "1324"]
[PlyCount "83"]
[EventDate "2018.??.??"]
[SourceTitle "Verband Muensterland"]
[SourceDate "2017.09.30"]
[SourceVersion "1"]
[SourceVersionDate "2017.09.30"]
[SourceQuality "1"]

1. e4 e5 2. Nf3 Nc6 3. Bc4 Bc5 4. O-O d6 5. h3 Nf6 6. d3 h6 7. Nc3 O-O 8. Bd2
a6 9. a3 Bd7 10. Ne2 Ne7 11. Ng3 Bc6 12. Re1 Qd7 13. Qc1 Kh7 14. Nh4 Nfg8 15.
Nhf5 d5 16. Nxe7 Nxe7 17. exd5 Nxd5 18. Rxe5 Qd6 19. Qe1 Nb6 20. Nf5 Qg6 21. g3
Nd7 22. Rxc5 Nxc5 23. Nh4 Qd6 24. Bf4 Qd7 25. Kh2 g5 26. Be3 gxh4 27. Bxc5
hxg3+ 28. fxg3 Rae8 29. Qf2 b5 30. Bxf8 bxc4 31. Bb4 cxd3 32. cxd3 Qe6 33. Qe1
Qd5 34. Qf2 Kg8 35. Bc3 Re3 36. d4 Re8 37. Rg1 Re6 38. Rf1 Rf6 39. Qg1 Re6 40.
Qf2 Rf6 41. Qg1 Re6 42. Qf2 1/2-1/2

[Event "SK Gescher 1 - SC Falke Saerbeck 1"]
[Site "Verbandsklasse 2017/2018"]
[Date "2018.02.17"]
[Round "6.1"]
[White "Hegemann, Eike"]
[Black "Eißing, Christoph"]
[Result "1-0"]
[WhiteElo "1971"]
[BlackElo "1991"]
[PlyCount "81"]
[EventDate "2018.??.??"]
[SourceTitle "Verband Muensterland"]
[SourceDate "2017.09.30"]
[SourceVersion "1"]
[SourceVersionDate "2017.09.30"]
[SourceQuality "1"]

1. e4 c6 2. d4 d5 3. exd5 cxd5 4. Bd3 Nc6 5. c3 Qc7 6. Ne2 Bg4 7. f3 Bh5 8. Bf4
Qb6 9. Qb3 Qxb3 10. axb3 f6 11. Na3 e5 12. Nb5 O-O-O 13. dxe5 fxe5 14. Bg3 Bc5
15. Bf5+ Kb8 16. Ned4 Nge7 17. Bh3 Bf7 18. O-O-O a6 19. Nxc6+ Nxc6 20. Nd4 Ka8
21. Nxc6 bxc6 22. Rhe1 d4 23. b4 Bd6 24. Bxe5 Bxe5 25. Rxe5 d3 26. Bf5 Bg6 27.
Bxg6 hxg6 28. h3 Rd6 29. Kd2 Kb7 30. Re7+ Kb6 31. Rde1 a5 32. bxa5+ Kxa5 33.
Rb7 Ka6 34. Rb4 Rd5 35. Ra1+ Ra5 36. Rxa5+ Kxa5 37. Kxd3 Rd8+ 38. Rd4 Rb8 39.
b4+ Ka4 40. Kc4 Ka3 41. Rd6 1-0

[Event "SK Gescher 1 - SC Falke Saerbeck 1"]
[Site "Verbandsklasse 2017/2018"]
[Date "2018.02.17"]
[Round "6.2"]
[White "Lanfer, Stefan"]
[Black "Fayazi, Shahriar"]
[Result "1/2-1/2"]
[WhiteElo "1809"]
[BlackElo "1964"]
[PlyCount "59"]
[EventDate "2018.??.??"]
[SourceTitle "Verband Muensterland"]
[SourceDate "2017.09.30"]
[SourceVersion "1"]
[SourceVersionDate "2017.09.30"]
[SourceQuality "1"]

1. c4 e5 2. Nc3 Nf6 3. d3 d5 4. cxd5 Nxd5 5. g3 Nc6 6. Bg2 Be6 7. Bd2 Qd7 8.
Nf3 f6 9. Nxd5 Bxd5 10. O-O Be7 11. Bc3 Rd8 12. Qc2 O-O 13. Rad1 Qe6 14. b3 e4
15. dxe4 Bxe4 16. Qb2 Rd5 17. Nd4 Nxd4 18. Bxe4 Qxe4 19. Rxd4 Rxd4 20. Bxd4 Rd8
21. e3 c5 22. Bc3 Qd3 23. Rc1 Qd5 24. Qe2 f5 25. Rc2 Qd1+ 26. Qxd1 Rxd1+ 27.
Kg2 Kf7 28. Kf3 g5 29. Rd2 Rxd2 30. Bxd2 1/2-1/2

[Event "SK Gescher 1 - SC Falke Saerbeck 1"]
[Site "Verbandsklasse 2017/2018"]
[Date "2018.02.17"]
[Round "6.3"]
[White "Fischer, Andreas"]
[Black "Priebs, Ludger"]
[Result "1-0"]
[WhiteElo "1912"]
[BlackElo "1721"]
[PlyCount "51"]
[EventDate "2018.??.??"]
[SourceTitle "Verband Muensterland"]
[SourceDate "2017.09.30"]
[SourceVersion "1"]
[SourceVersionDate "2017.09.30"]
[SourceQuality "1"]

1. e4 c5 2. Nf3 e6 3. c4 Nc6 4. Nc3 e5 5. d3 d6 6. Be2 g6 7. Be3 Bh6 8. O-O
Bxe3 9. fxe3 Be6 10. Kh1 Nh6 11. d4 Bd7 12. dxe5 dxe5 13. Qd5 Qe7 14. Qd2 O-O
15. Nd5 Qd8 16. Rad1 Be6 17. Qc3 f5 18. Nxe5 Qh4 19. Nxc6 Bxd5 20. exd5 bxc6
21. dxc6 Rac8 22. Rd7 Rf7 23. Bf3 Ng4 24. Bxg4 Qxg4 25. Rxf7 Kxf7 26. Qd3 1-0

[Event "SK Gescher 1 - SC Falke Saerbeck 1"]
[Site "Verbandsklasse 2017/2018"]
[Date "2018.02.17"]
[Round "6.4"]
[White "Lanfer, Stefanie"]
[Black "Hoge, Reinhard"]
[Result "1-0"]
[WhiteElo "1810"]
[BlackElo "1846"]
[PlyCount "77"]
[EventDate "2018.??.??"]
[SourceTitle "Verband Muensterland"]
[SourceDate "2017.09.30"]
[SourceVersion "1"]
[SourceVersionDate "2017.09.30"]
[SourceQuality "1"]

1. e4 c5 2. Nf3 Nc6 3. Bb5 g6 4. O-O Bg7 5. c3 Nf6 6. d4 cxd4 7. e5 Nd5 8. cxd4
O-O 9. Qb3 Nc7 10. Bxc6 dxc6 11. Nc3 b6 12. Bg5 Be6 13. Qa3 f6 14. Bh4 Nd5 15.
Rfe1 Bg4 16. Nd2 fxe5 17. dxe5 h6 18. f3 Be6 19. Nxd5 Qxd5 20. Nb3 Bxe5 21.
Bxe7 Rf5 22. Rad1 Qc4 23. Re4 Qc2 24. Rde1 Bxb3 25. axb3 Bg7 26. Kh1 Rd5 27.
Bh4 Rd1 28. Qe7 Rxe1+ 29. Rxe1 Qxb3 30. Qb7 Rf8 31. Qxc6 g5 32. Bg3 Qxb2 33.
Qe6+ Kh8 34. Bd6 Rd8 35. Be7 Rg8 36. Bd6 Rd8 37. Be5 Bxe5 38. Qxh6+ Kg8 39.
Qxg5+ 1-0

[Event "SK Gescher 1 - SC Falke Saerbeck 1"]
[Site "Verbandsklasse 2017/2018"]
[Date "2018.02.17"]
[Round "6.5"]
[White "Bartsch, Jan"]
[Black "Iking, Bernhard"]
[Result "0-1"]
[WhiteElo "1703"]
[BlackElo "1793"]
[PlyCount "82"]
[EventDate "2018.??.??"]
[SourceTitle "Verband Muensterland"]
[SourceDate "2017.09.30"]
[SourceVersion "1"]
[SourceVersionDate "2017.09.30"]
[SourceQuality "1"]

1. b3 d5 2. Bb2 Nf6 3. f4 g6 4. Nf3 Bg7 5. e3 Bg4 6. Be2 Bxf3 7. Bxf3 O-O 8.
O-O c6 9. d3 Nbd7 10. Nd2 e6 11. Qe2 Qc7 12. d4 Rac8 13. c4 b6 14. Rac1 Qb7 15.
g4 Rfd8 16. a4 c5 17. Qg2 cxd4 18. Bxd4 Nc5 19. Bxc5 Rxc5 20. g5 Ne8 21. b4
Rcc8 22. cxd5 Rxc1 23. Rxc1 exd5 24. b5 Qe7 25. Nf1 d4 26. e4 Qa3 27. Rc4 Qb3
28. Rc2 d3 29. Rc1 d2 30. Rd1 Bd4+ 31. Kh1 Bc3 32. Bg4 Qxa4 33. Nxd2 Qxb5 34.
e5 Rxd2 35. Rxd2 Bxd2 36. Be2 Qb1+ 37. Bf1 Bxf4 38. e6 fxe6 39. Qe2 Qf5 40. h4
Qe5 41. Qg4 Qe4+ 0-1

[Event "SK Gescher 1 - SC Falke Saerbeck 1"]
[Site "Verbandsklasse 2017/2018"]
[Date "2018.02.17"]
[Round "6.6"]
[White "Stein, Michael"]
[Black "Bartsch, Rainer"]
[Result "1/2-1/2"]
[WhiteElo "1676"]
[BlackElo "1741"]
[PlyCount "43"]
[EventDate "2018.??.??"]
[SourceTitle "Verband Muensterland"]
[SourceDate "2017.09.30"]
[SourceVersion "1"]
[SourceVersionDate "2017.09.30"]
[SourceQuality "1"]

1. e4 d5 2. exd5 Qxd5 3. Nf3 Nf6 4. d4 Bg4 5. Be2 c6 6. c4 Qd8 7. Nc3 e6 8. h3
Bh5 9. g4 Bg6 10. Ne5 Nbd7 11. Nxg6 hxg6 12. Bf4 Nb6 13. Qd3 Qd7 14. O-O-O
O-O-O 15. Bh2 Na8 16. g5 Nh5 17. d5 Bd6 18. dxe6 Bf4+ 19. Bxf4 Qxd3 20. Rxd3
Rxd3 21. Bxd3 Nxf4 22. Bf1 1/2-1/2

[Event "SK Gescher 1 - SC Falke Saerbeck 1"]
[Site "Verbandsklasse 2017/2018"]
[Date "2018.02.17"]
[Round "6.7"]
[White "Henschen, Daniel"]
[Black "Robers, Frank"]
[Result "1/2-1/2"]
[WhiteElo "1614"]
[BlackElo "1648"]
[PlyCount "42"]
[EventDate "2018.??.??"]
[SourceTitle "Verband Muensterland"]
[SourceDate "2017.09.30"]
[SourceVersion "1"]
[SourceVersionDate "2017.09.30"]
[SourceQuality "1"]

1. Nf3 Nf6 2. d4 e6 3. g3 b6 4. Bg2 Bb7 5. O-O Be7 6. c4 c5 7. Nc3 cxd4 8. Nxd4
Bxg2 9. Kxg2 a6 10. e4 Nc6 11. Be3 O-O 12. Nxc6 dxc6 13. Qxd8 Bxd8 14. f3 Bc7
15. Rfd1 Rfd8 16. Bg5 Be5 17. Kf2 h6 18. Bxf6 Bxf6 19. Rxd8+ Rxd8 20. Rd1 Rxd1
21. Nxd1 Bd4+ 1/2-1/2

[Event "SK Gescher 1 - SC Falke Saerbeck 1"]
[Site "Verbandsklasse 2017/2018"]
[Date "2018.02.17"]
[Round "6.8"]
[White "Frieske, Hilmar"]
[Black "Menz, Robert"]
[Result "1/2-1/2"]
[WhiteElo "1720"]
[BlackElo "1604"]
[PlyCount "99"]
[EventDate "2018.??.??"]
[SourceTitle "Verband Muensterland"]
[SourceDate "2017.09.30"]
[SourceVersion "1"]
[SourceVersionDate "2017.09.30"]
[SourceQuality "1"]

1. e4 e5 2. Nf3 Nf6 3. d3 Nc6 4. Nc3 Bb4 5. Bd2 O-O 6. Be2 h6 7. O-O d6 8. a3
Ba5 9. b4 Bb6 10. Na4 Be6 11. Nxb6 axb6 12. b5 Ne7 13. c4 Ng6 14. Ne1 Qd7 15.
f4 Nxf4 16. Bxf4 exf4 17. Rxf4 Qe7 18. Nc2 Rac8 19. Ne3 c6 20. a4 Rfd8 21. Nf5
Bxf5 22. Rxf5 g6 23. Rf2 d5 24. Qf1 Kg7 25. exd5 cxd5 26. Rc1 Rd7 27. Rxf6 Qxf6
28. Qxf6+ Kxf6 29. Bg4 Rdc7 30. Bxc8 Rxc8 31. Rf1+ Ke7 32. cxd5 Rd8 33. Kf2
Rxd5 34. Ke3 f5 35. Rc1 Kd7 36. Rc4 Re5+ 37. Kf3 g5 38. h3 Rd5 39. d4 Rd6 40.
g3 Rd5 41. Ke3 Rd6 42. Kf3 Rd5 43. g4 f4 44. Ke4 Rd6 45. Rc3 Re6+ 46. Kf3 Rd6
47. Ke4 Re6+ 48. Kf3 Rd6 49. Rd3 Re6 50. Kf2 1/2-1/2